[Event "BCF-chT2 0708 (4NCL)"]
[Site "Sunningdale"]
[Date "2008.01.13"]
[Round "6.7"]
[White "Butterworth, Andrew"]
[Black "Starkie, Ray"]
[Result "1-0"]
[WhiteElo "2065"]
[BlackElo "2140"]
[PlyCount "69"]
[EventDate "2007.09.15"]
[EventType "team-tourn"]
[EventRounds "11"]
[EventCountry "ENG"]
[SourceTitle "EXT 2023"]
[Source "ChessBase"]
[SourceDate "2022.10.05"]
[SourceVersion "1"]
[SourceVersionDate "2022.10.05"]
[SourceQuality "1"]
[WhiteTeam "Cheddleton"]
[BlackTeam "Oxford"]
[WhiteTeamCountry "ENG"]
[BlackTeamCountry "ENG"]

1. e4 c5 2. Nf3 g6 3. d4 cxd4 4. Nxd4 Nc6 5. c4 Nf6 6. Nc3 d6 7. Be2 Nxd4 8. Qxd4 Bg7 9. Be3 0-0 10. Qd2 Be6 11. Rc1 Qa5 12. 0-0 Rfc8 13. b3 a6 14. Nd5 Qxd2 15. Nxf6+ Bxf6 16. Bxd2 a5 17. a4 Bd4 18. Rfd1 Bc5 19. Bd3 Rc6 20. Kf1 Rb6 21. Rb1 Bb4 22. Be3 Rc6 23. f4 f5 24. exf5 gxf5 25. Be2 Bc5 26. Bxc5 Rxc5 27. Bf3 Rc7 28. Kf2 Kf7 29. Rd2 Ra6 30. Rbd1 Rb6 31. Rd3 Rb4 32. h3 Rc8 33. g4 Kf6 34. Re1 Rc7 35. g5+ 1-0

[Event "BCF-chT4 0708 (4NCL)"]
[Site "England"]
[Date "2007.10.27"]
[Round "1.4"]
[White "Whitfield, Craig M"]
[Black "Starkie, Ray"]
[Result "0-1"]
[WhiteElo "1955"]
[BlackElo "2140"]
[PlyCount "58"]
[EventDate "2007.09.15"]
[EventType "team-swiss"]
[EventRounds "11"]
[EventCountry "ENG"]
[SourceTitle "EXT 2009"]
[Source "ChessBase"]
[SourceDate "2008.11.26"]
[SourceVersion "1"]
[SourceVersionDate "2008.11.26"]
[SourceQuality "1"]
[WhiteTeam "Cheddleton"]
[BlackTeam "Oxford II"]
[WhiteTeamCountry "ENG"]
[BlackTeamCountry "ENG"]

1. e4 c5 2. Nf3 g6 3. d4 cxd4 4. Nxd4 Nc6 5. Be3 Nf6 6. Nc3 Bg7 7. Bc4 0-0 8. Bb3 a5 9. f3 d5 10. exd5 Nb4 11. Nde2 Bf5 12. a3 a4 13. Nxa4 Nfxd5 14. Bc5 Nxc2+ 15. Bxc2 Bxc2 16. Qxc2 Qa5+ 17. Nac3 Qxc5 18. Rc1 Ne3 19. Qe4 Nxg2+ 20. Kf1 Ne3+ 21. Ke1 Nf5 22. Nd5 Qa5+ 23. Nec3 e6 24. Nb4 Bh6 25. f4 Rad8 26. Nc2 Qb6 27. Na4 Qd6 28. Kf2 Qd2+ 29. Qe2 Qxf4+ 0-1

[Event "BCF-chT4 0506 (4NCL)"]
[Site "West Bromwich"]
[Date "2005.12.03"]
[Round "3.3"]
[White "Buchanan, David"]
[Black "Starkie, Ray"]
[Result "1/2-1/2"]
[WhiteElo "2095"]
[BlackElo "2165"]
[PlyCount "81"]
[EventDate "2005.11.05"]
[EventType "team"]
[EventRounds "11"]
[EventCountry "ENG"]
[SourceTitle "CBM 109 Extra"]
[Source "ChessBase"]
[SourceDate "2006.01.03"]
[SourceVersion "2"]
[SourceVersionDate "2006.01.03"]
[SourceQuality "1"]
[WhiteTeam "Gloucestershire Gambits"]
[BlackTeam "Oxford II"]
[WhiteTeamCountry "ENG"]
[BlackTeamCountry "ENG"]

1. e4 c5 2. c3 d5 3. exd5 Qxd5 4. d4 g6 5. Nf3 Bg7 6. Be3 cxd4 7. cxd4 Nf6 8. Nc3 Qd8 9. Bc4 0-0 10. 0-0 a6 11. h3 b5 12. Bd3 Bb7 13. b4 Qd6 14. a3 Nbd7 15. Rc1 Rac8 16. Be2 Nb6 17. Nd2 Nbd5 18. Nxd5 Nxd5 19. Ne4 Qb6 20. Nc5 Bc6 21. Bf3 Rfd8 22. Qe2 a5 23. Qb2 Ra8 24. Rfe1 Ra7 25. Qb3 e6 26. Bg5 Rda8 27. Nxe6 Rd7 28. Nxg7 Kxg7 29. Rc5 Qb7 30. Rec1 Ra6 31. Qc2 axb4 32. axb4 Nxb4 33. Qd2 Nd5 34. Bh6+ Kg8 35. Qg5 f6 36. Bxd5+ Bxd5 37. Qe3 Re6 38. Qc3 Re8 39. Qb4 Bc4 40. Be3 Qe4 41. Qb1 1/2-1/2

[Event "BCF-chT4 0304 (4NCL)"]
[Site "West Bromwich "]
[Date "2004.06.19"]
[Round "10.6"]
[White "Hibbitt, Arthur M"]
[Black "Starkie, Ray"]
[Result "1/2-1/2"]
[WhiteElo "1744"]
[BlackElo "1976"]
[PlyCount "81"]
[EventDate "2003.10.??"]
[EventType "team"]
[EventRounds "11"]
[EventCountry "ENG"]
[SourceTitle "EXT 2005"]
[Source "ChessBase"]
[SourceDate "2004.11.15"]
[SourceVersion "1"]
[SourceVersionDate "2004.11.15"]
[SourceQuality "1"]
[WhiteTeam "Grendel's Mother"]
[BlackTeam "Oxford"]
[WhiteTeamCountry "ENG"]
[BlackTeamCountry "ENG"]

1. f4 Nf6 2. Nf3 d6 3. g3 g6 4. Bg2 Bg7 5. 0-0 0-0 6. d3 c6 7. e4 Qb6+ 8. Kh1 Ng4 9. d4 a5 10. h3 Nf6 11. Nc3 Be6 12. Qd3 Qa6 13. Re1 Qxd3 14. cxd3 Na6 15. a3 Bb3 16. e5 dxe5 17. dxe5 Nd5 18. d4 Nb6 19. Ne4 Rfd8 20. Bd2 Nc4 21. Bc3 a4 22. Ned2 Nxd2 23. Nxd2 Bd5 24. Ne4 Nc7 25. Nc5 b6 26. Ne4 Ne6 27. Rad1 Rd7 28. Re2 Rad8 29. Red2 Bh6 30. Nf2 Bb3 31. Bxc6 Bxd1 32. Nxd1 Ra7 33. Ne3 Rc8 34. d5 Nc5 35. Bb4 Ne4 36. Rg2 e6 37. Kh2 exd5 38. Bxd5 Nc5 39. Bc4 Nd7 40. Rd2 Nc5 41. Nd5 1/2-1/2

[Event "BCF-chT4 0304 (4NCL)"]
[Site "West Bromwich "]
[Date "2004.01.25"]
[Round "4.2"]
[White "Starkie, Ray"]
[Black "Ralphs, Nigel"]
[Result "1/2-1/2"]
[WhiteElo "1976"]
[BlackElo "2001"]
[PlyCount "70"]
[EventDate "2003.10.??"]
[EventType "team"]
[EventRounds "11"]
[EventCountry "ENG"]
[SourceTitle "EXT 2005"]
[Source "ChessBase"]
[SourceDate "2004.11.15"]
[SourceVersion "1"]
[SourceVersionDate "2004.11.15"]
[SourceQuality "1"]
[WhiteTeam "Oxford"]
[BlackTeam "Nidum Liberals II"]
[WhiteTeamCountry "ENG"]
[BlackTeamCountry "ENG"]

1. Nc3 d5 2. d4 e6 3. Nf3 Nf6 4. Bg5 Be7 5. Bxf6 Bxf6 6. e4 0-0 7. e5 Be7 8. Bd3 c5 9. h4 h6 10. dxc5 f6 11. exf6 Bxf6 12. Qe2 Nc6 13. 0-0-0 Bxc3 14. bxc3 Qf6 15. Qe3 e5 16. Bb5 e4 17. Nd4 Bg4 18. f3 exf3 19. Nxf3 Rae8 20. Qd3 Bxf3 21. Qxf3 Qxf3 22. gxf3 Rxf3 23. Rxd5 Rxc3 24. Kb2 Rce3 25. Rg1 R3e5 26. Rd7 R8e7 27. Bc4+ Kh8 28. Rd5 Rxd5 29. Bxd5 Re5 30. Rd1 g5 31. hxg5 hxg5 32. c4 g4 33. Rg1 Rg5 34. Rg3 Kg7 35. Bf3 Rxc5 1/2-1/2

[Event "BCF-chT4 0304 (4NCL)"]
[Site "West Bromwich "]
[Date "2003.11.22"]
[Round "1.6"]
[White "Starkie, Ray"]
[Black "Truman, Richard G"]
[Result "1/2-1/2"]
[WhiteElo "1976"]
[BlackElo "1938"]
[PlyCount "89"]
[EventDate "2003.10.??"]
[EventType "team"]
[EventRounds "11"]
[EventCountry "ENG"]
[SourceTitle "EXT 2005"]
[Source "ChessBase"]
[SourceDate "2004.11.15"]
[SourceVersion "1"]
[SourceVersionDate "2004.11.15"]
[SourceQuality "1"]
[WhiteTeam "Oxford"]
[BlackTeam "Nottinghamshire"]
[WhiteTeamCountry "ENG"]
[BlackTeamCountry "ENG"]

1. Nc3 c5 2. Nf3 e6 3. d4 cxd4 4. Nxd4 Nc6 5. g3 Nf6 6. Bg2 Bc5 7. Nb3 Be7 8. 0-0 0-0 9. e4 d6 10. Qe2 a6 11. Be3 Qc7 12. a4 b6 13. h3 Rb8 14. f4 Na5 15. Nd2 Bb7 16. g4 Rfe8 17. f5 exf5 18. Rxf5 g6 19. Rf2 Nd7 20. Raf1 Ne5 21. g5 Nac4 22. Nxc4 Qxc4 23. Qxc4 Nxc4 24. Bd4 Bxg5 25. Rxf7 Be3+ 26. Bxe3 Nxe3 27. R1f6 Nxg2 28. Kxg2 Bxe4+ 29. Nxe4 Rxe4 30. Rd7 Rc8 31. c3 Re2+ 32. Rf2 Rce8 33. Rxd6 R8e6 34. Rd2 R2e4 35. Rd7 Rxa4 36. Rff7 Ra2 37. Rxh7 Rxb2+ 38. Kg3 Rbe2 39. Rdg7+ Kf8 40. Ra7 R2e3+ 41. Kf2 Re2+ 42. Kf1 Re1+ 43. Kf2 R1e2+ 44. Kf1 Re1+ 45. Kf2 1/2-1/2